[Event "Olkhovskiy Memorial rapid"]
[Site "Vinnytsia"]
[Date "2016.04.23"]
[Round "11"]
[White "Serik, Maxim"]
[Black "Alexikov, Alexander"]
[Result "0-1"]
[WhiteElo "2275"]
[BlackElo "2332"]
[PlyCount "72"]
[EventDate "2016.04.23"]
[EventType "swiss (rapid)"]
[EventRounds "13"]
[EventCountry "UKR"]
[SourceTitle "CBM 172 Extra"]
[Source "ChessBase"]
[SourceDate "2016.06.21"]
[SourceVersion "1"]
[SourceVersionDate "2016.06.21"]
[SourceQuality "1"]

1. d4 Nf6 2. c4 g6 3. Nf3 Bg7 4. Nc3 d6 5. e4 0-0 6. Be2 e5 7. Be3 Ng4 8. Bg5 f6 9. Bc1 Nh6 10. 0-0 Nc6 11. Be3 Ng4 12. Bc1 Nh6 13. Be3 Ng4 14. Bc1 f5 15. dxe5 Ngxe5 16. Nxe5 Nxe5 17. f4 Nc6 18. Bd3 Nd4 19. Be3 b6 20. Rc1 Bb7 21. Bb1 c5 22. Nd5 Bxd5 23. exd5 Re8 24. Re1 Qd7 25. Qd2 b5 26. b4 Rac8 27. bxc5 dxc5 28. cxb5 Qxd5 29. a4 Kh8 30. Kh1 h5 31. Ba2 Qd6 32. Qd3 Re4 33. Bd2 Rce8 34. Qc4 Ne2 35. Qxc5 Qxd2 36. Rcd1 Ng3+ 0-1

[Event "Donetsk Kots Memorial"]
[Site "Donetsk"]
[Date "2008.01.25"]
[Round "8"]
[White "Serik, Maxim"]
[Black "Sysoenko, Aleksey"]
[Result "1/2-1/2"]
[WhiteElo "2282"]
[BlackElo "2256"]
[PlyCount "95"]
[EventDate "2008.01.18"]
[EventType "tourn"]
[EventRounds "13"]
[EventCountry "UKR"]
[EventCategory "1"]
[SourceTitle "CBM 122 Extra"]
[Source "ChessBase"]
[SourceDate "2008.03.04"]
[SourceVersion "1"]
[SourceVersionDate "2008.03.04"]
[SourceQuality "1"]

1. d4 Nf6 2. c4 e6 3. Nf3 d5 4. Nc3 Bb4 5. Qa4+ Nc6 6. Ne5 Bd7 7. Nxc6 Bxc3+ 8. bxc3 Bxc6 9. Qb3 0-0 10. cxd5 exd5 11. Bg5 Qd6 12. e3 Rfe8 13. Bxf6 Qxf6 14. Bd3 Qg5 15. 0-0 Re6 16. Bb5 Rg6 17. g3 b6 18. Rfc1 Bb7 19. Bf1 h5 20. Bg2 h4 21. c4 hxg3 22. hxg3 dxc4 23. Qxc4 Bxg2 24. Kxg2 c6 25. Rh1 Re8 26. Qe2 Qd5+ 27. Qf3 Rg5 28. Qxd5 Rxd5 29. Rhc1 Re6 30. Rc2 c5 31. dxc5 bxc5 32. Rac1 Ra6 33. Rxc5 Rxc5 34. Rxc5 Rxa2 35. Rc7 a5 36. Ra7 a4 37. g4 g6 38. Kg3 Ra1 39. g5 Kg7 40. f4 Kf8 41. Kf3 a3 42. Ke4 a2 43. Ke5 Re1 44. Rxa2 Rxe3+ 45. Kd4 Re7 46. Ra5 Kg7 47. Re5 Rd7+ 48. Ke4 1/2-1/2

[Event "Donetsk Kots Memorial"]
[Site "Donetsk"]
[Date "2008.01.24"]
[Round "7"]
[White "Volovikov, Anton"]
[Black "Serik, Maxim"]
[Result "1-0"]
[WhiteElo "2234"]
[BlackElo "2282"]
[PlyCount "37"]
[EventDate "2008.01.18"]
[EventType "tourn"]
[EventRounds "13"]
[EventCountry "UKR"]
[EventCategory "1"]
[SourceTitle "CBM 122 Extra"]
[Source "ChessBase"]
[SourceDate "2008.03.04"]
[SourceVersion "1"]
[SourceVersionDate "2008.03.04"]
[SourceQuality "1"]

1. e4 e5 2. Bc4 Nf6 3. d4 exd4 4. Nf3 Nxe4 5. Qxd4 Nd6 6. 0-0 Nc6 7. Re1+ Ne7 8. Bb3 b5 9. Ng5 h6 10. Qxd6 hxg5 11. Qd5 d6 12. Qxa8 c5 13. Bd5 f6 14. Nc3 a6 15. Ne4 Kd7 16. Bd2 Qc7 17. Rad1 Nxd5 18. Qxd5 Bb7 19. Nxc5+ 1-0

[Event "Donetsk Kots Memorial"]
[Site "Donetsk"]
[Date "2008.01.21"]
[Round "4"]
[White "Serik, Maxim"]
[Black "Kamenets, Anatolij"]
[Result "1-0"]
[WhiteElo "2282"]
[BlackElo "2293"]
[PlyCount "75"]
[EventDate "2008.01.18"]
[EventType "tourn"]
[EventRounds "13"]
[EventCountry "UKR"]
[EventCategory "1"]
[SourceTitle "CBM 122 Extra"]
[Source "ChessBase"]
[SourceDate "2008.03.04"]
[SourceVersion "1"]
[SourceVersionDate "2008.03.04"]
[SourceQuality "1"]

1. d4 f5 2. c4 Nf6 3. g3 d6 4. Bg2 e6 5. Nf3 Be7 6. 0-0 0-0 7. b4 Qe8 8. Nc3 Qh5 9. Qd3 Nbd7 10. e4 e5 11. exf5 exd4 12. Nxd4 Ne5 13. Qd1 Qf7 14. Bg5 c6 15. b5 Bd7 16. Qe2 Rfe8 17. bxc6 bxc6 18. Ne6 Bd8 19. Bh3 Ba5 20. Rac1 g6 21. f4 Neg4 22. Bxg4 gxf5 23. Bxf5 Bxe6 24. Bxe6 Rxe6 25. Qf3 Rae8 26. Qxc6 Bb6+ 27. Kh1 d5 28. Qb5 a6 29. Qb2 dxc4 30. f5 Rd6 31. Qg2 Be3 32. Bxe3 Rxe3 33. Nd1 Red3 34. Nf2 Rd2 35. g4 Rxa2 36. g5 Nd7 37. Qe4 Rdd2 38. Ng4 1-0

[Event "Donetsk Kots Memorial"]
[Site "Donetsk"]
[Date "2008.01.19"]
[Round "2"]
[White "Serik, Maxim"]
[Black "Iljin, Timofey"]
[Result "0-1"]
[WhiteElo "2282"]
[BlackElo "2442"]
[PlyCount "158"]
[EventDate "2008.01.18"]
[EventType "tourn"]
[EventRounds "13"]
[EventCountry "UKR"]
[EventCategory "1"]
[SourceTitle "CBM 122 Extra"]
[Source "ChessBase"]
[SourceDate "2008.03.04"]
[SourceVersion "1"]
[SourceVersionDate "2008.03.04"]
[SourceQuality "1"]

1. d4 Nf6 2. c4 e6 3. Nf3 c5 4. d5 b5 5. dxe6 fxe6 6. cxb5 d5 7. Nbd2 a6 8. bxa6 Bxa6 9. b3 Nc6 10. Bb2 Be7 11. g3 0-0 12. Bg2 Qd6 13. 0-0 e5 14. Nh4 Qe6 15. e4 Bxf1 16. exd5 Nxd5 17. Qxf1 Ne3 18. Bh3 Qd5 19. Qe2 Rad8 20. Ndf3 Nd1 21. Nxe5 Nxe5 22. Qxe5 Qxe5 23. Bxe5 Nxf2 24. Be6+ Kh8 25. Rf1 Nd3 26. Bc7 Rxf1+ 27. Kxf1 Rf8+ 28. Kg1 Bd8 29. Bc4 Bxc7 30. Bxd3 Rd8 31. Bc4 Rd1+ 32. Kg2 Rd2+ 33. Kf3 Rxa2 34. Ng2 g6 35. h4 Kg7 36. Ne3 Rb2 37. Nd5 Be5 38. Ne3 Bd4 39. Nd5 Bg1 40. Nc7 Kf6 41. Ke4 Rd2 42. Nd5+ Ke6 43. Nf4+ Kd6 44. Nh3 Bd4 45. Ng5 h5 46. Bf7 Re2+ 47. Kf4 Be5+ 48. Kf3 Rb2 49. Ne4+ Ke7 50. Bc4 Bd4 51. Kf4 Kf8 52. g4 Rh2 53. Kg3 Be5+ 54. Kf3 Rh3+ 55. Kg2 Rxh4 56. Be2 hxg4 57. Nxc5 Rh2+ 58. Kf1 Rh1+ 59. Kg2 Rh2+ 60. Kf1 Ke7 61. Nd3 Rh1+ 62. Kg2 Rh2+ 63. Kf1 Kf6 64. Bxg4 Bd4 65. Be2 Kg5 66. Bf3 Kh4 67. Be4 g5 68. b4 Kg3 69. b5 Rd2 70. Ke1 Ra2 71. Bd5 Bc3+ 72. Kf1 Rd2 73. Be4 Ba5 74. Bg6 g4 75. Be4 Kh2 76. Ne5 Kg3 77. Bc6 Rf2+ 78. Kg1 Bb6 79. Nc4 Bd4 0-1

[Event "UKR-ch U20"]
[Site "Lvov"]
[Date "2007.02.10"]
[Round "11"]
[White "Serik, Maxim"]
[Black "Vovk, Andrey"]
[Result "1/2-1/2"]
[WhiteElo "2285"]
[BlackElo "2487"]
[PlyCount "122"]
[EventDate "2007.01.31"]
[EventType "tourn"]
[EventRounds "11"]
[EventCountry "UKR"]
[EventCategory "7"]
[SourceTitle "CBM 116 Extra"]
[Source "ChessBase"]
[SourceDate "2007.03.07"]
[SourceVersion "1"]
[SourceVersionDate "2007.03.07"]
[SourceQuality "1"]

1. d4 Nf6 2. c4 g6 3. Nf3 Bg7 4. Nc3 0-0 5. e4 d6 6. Be2 e5 7. 0-0 Na6 8. Be3 c6 9. d5 Ng4 10. Bg5 f6 11. Bh4 c5 12. Ne1 h5 13. h3 Nh6 14. Nd3 Nf7 15. Rb1 b6 16. b4 Nxb4 17. Nxb4 cxb4 18. Rxb4 Bh6 19. a4 Bd7 20. Qc2 Kg7 21. Bg3 Qc8 22. Ra1 h4 23. Bxh4 Bf4 24. Rb3 Rh8 25. Bg3 Bxg3 26. fxg3 Qc5+ 27. Kf1 Rxh3 28. gxh3 Bxh3+ 29. Ke1 Qg1+ 30. Kd2 Qxa1 31. c5 Qg1 32. c6 Qxg3 33. Kc1 Rh8 34. Nb5 Qe1+ 35. Qd1 Qa5 36. Rxh3 Rxh3 37. c7 Rh8 38. Qc2 a6 39. Na7 b5 40. c8Q Rxc8 41. Nxc8 bxa4 42. Ne7 a3 43. Kb1 Qd8 44. Nc8 Qa5 45. Ka2 f5 46. exf5 gxf5 47. Ne7 Kf6 48. Nxf5 Qxd5+ 49. Bc4 Qf3 50. Nh4 Qg4 51. Ng2 Qd4 52. Bxa6 Ng5 53. Kxa3 Ne4 54. Bc8 Qa7+ 55. Kb2 Qb6+ 56. Kc1 Qd4 57. Kb1 Nc3+ 58. Kc1 e4 59. Qd2 Na2+ 60. Kd1 Nc3+ 61. Kc2 Qxd2+ 1/2-1/2

[Event "UKR-ch U20"]
[Site "Lvov"]
[Date "2007.02.08"]
[Round "9"]
[White "Serik, Maxim"]
[Black "Kononenko, Dmitry"]
[Result "0-1"]
[WhiteElo "2285"]
[BlackElo "2495"]
[PlyCount "124"]
[EventDate "2007.01.31"]
[EventType "tourn"]
[EventRounds "11"]
[EventCountry "UKR"]
[EventCategory "7"]
[SourceTitle "CBM 116 Extra"]
[Source "ChessBase"]
[SourceDate "2007.03.07"]
[SourceVersion "1"]
[SourceVersionDate "2007.03.07"]
[SourceQuality "1"]

1. d4 Nf6 2. c4 e6 3. Nf3 c5 4. d5 exd5 5. cxd5 Bd6 6. Nc3 Bc7 7. Bg5 d6 8. e3 0-0 9. Be2 a6 10. a4 Nbd7 11. 0-0 Re8 12. Qc2 Qe7 13. Nd2 Rb8 14. Rfd1 h6 15. Bh4 g5 16. Bg3 Ne5 17. Rab1 Bd7 18. b4 cxb4 19. Bxe5 dxe5 20. Nde4 Nxe4 21. Nxe4 Bd6 22. a5 Bf5 23. Bd3 Bxe4 24. Bxe4 Rbc8 25. Qe2 Rc3 26. Qg4 Rec8 27. Qf5 Kf8 28. g3 Ke8 29. Kg2 Kd8 30. Rh1 Kc7 31. h4 b6 32. hxg5 hxg5 33. Ra1 Kb7 34. Bd3 b5 35. Rh7 Rf8 36. Rg7 e4 37. Bxe4 Rc4 38. Bf3 Qe5 39. Rxg5 Qxf5 40. Rxf5 f6 41. Rh5 Rf7 42. Rh8 Rc8 43. Rxc8 Kxc8 44. Bg4+ Kb7 45. f4 Rc7 46. e4 b3 47. Bf5 Rc3 48. Re1 Bb4 49. Rb1 Bxa5 50. d6 Bd8 51. e5 fxe5 52. fxe5 Rc5 53. Re1 b2 54. Be4+ Kb6 55. e6 Re5 56. e7 Bxe7 57. dxe7 b1Q 58. Rxb1 Rxe4 59. Kf3 Rxe7 60. g4 a5 61. g5 a4 62. Kf4 Ka5 0-1

[Event "UKR-ch sf U20"]
[Site "Lvov"]
[Date "2006.12.23"]
[Round "8"]
[White "Sysoenko, Aleksey"]
[Black "Serik, Maxim"]
[Result "1/2-1/2"]
[WhiteElo "2287"]
[BlackElo "2305"]
[PlyCount "75"]
[EventDate "2006.12.16"]
[EventType "swiss"]
[EventRounds "9"]
[EventCountry "UKR"]
[SourceTitle "EXT 2023"]
[Source "ChessBase"]
[SourceDate "2022.10.05"]
[SourceVersion "1"]
[SourceVersionDate "2022.10.05"]
[SourceQuality "1"]

1. d4 d5 2. c4 c6 3. Nf3 Nf6 4. Nc3 a6 5. Qc2 dxc4 6. e4 b5 7. a4 e6 8. axb5 cxb5 9. e5 Nd5 10. Nxb5 axb5 11. Rxa8 Bb7 12. Bg5 Bb4+ 13. Ke2 f6 14. exf6 gxf6 15. Ra7 Qb6 16. Rxb7 Qxb7 17. Bc1 0-0 18. g3 c3 19. Bh3 f5 20. Qd3 Rc8 21. Rg1 cxb2 22. Bxb2 Nc3+ 23. Kf1 Qe4 24. Qxe4 Nxe4 25. d5 Rc2 26. Bd4 Kf7 27. Be3 Bc3 28. dxe6+ Kxe6 29. Nh4 Nd6 30. g4 b4 31. gxf5+ Kf6 32. Bg5+ Kf7 33. Bg2 Bf6 34. Bd5+ Ke7 35. Bxf6+ Kxf6 36. Rg8 Rc8 37. Rg4 Rc1+ 38. Kg2 1/2-1/2

[Event "UKR-ch sf U20"]
[Site "Lvov"]
[Date "2006.12.17"]
[Round "2"]
[White "Terletsky, Oleg"]
[Black "Serik, Maxim"]
[Result "1/2-1/2"]
[WhiteElo "2197"]
[BlackElo "2305"]
[PlyCount "100"]
[EventDate "2006.12.16"]
[EventType "swiss"]
[EventRounds "9"]
[EventCountry "UKR"]
[SourceTitle "EXT 2023"]
[Source "ChessBase"]
[SourceDate "2022.10.05"]
[SourceVersion "1"]
[SourceVersionDate "2022.10.05"]
[SourceQuality "1"]

1. e4 e5 2. Nf3 Nc6 3. d4 exd4 4. Nxd4 Nf6 5. Nxc6 bxc6 6. e5 Qe7 7. Qe2 Nd5 8. c4 Nb6 9. Nc3 d5 10. exd6 cxd6 11. Bg5 Qxe2+ 12. Bxe2 Be6 13. b3 Be7 14. Bxe7 Kxe7 15. 0-0 Rhd8 16. f4 d5 17. c5 d4 18. cxb6 dxc3 19. b7 Rab8 20. f5 Bd5 21. Ba6 c5 22. Rac1 Rd6 23. Be2 Bxb7 24. Rxc3 Rd2 25. f6+ gxf6 26. Re3+ Kf8 27. Rxf6 Re8 28. Rxe8+ Kxe8 29. Bb5+ Ke7 30. Rf2 Rd1+ 31. Rf1 Rxf1+ 32. Kxf1 Kd6 33. Kf2 Ke5 34. g3 Kd4 35. Ke2 Kc3 36. Bc4 Be4 37. Bxf7 Bb1 38. g4 Bxa2 39. g5 a5 40. h4 a4 41. h5 axb3 42. g6 Bb1 43. g7 b2 44. Ke3 Bc2 45. Ba2 Bb3 46. Bxb3 b1Q 47. g8Q Qxb3 48. Qxh7 c4 49. h6 Kb2+ 50. Ke2 c3 1/2-1/2

[Event "Rodatychi op"]
[Site "Rodatychi"]
[Date "2006.09.01"]
[Round "9"]
[White "Zubov, Alexander"]
[Black "Serik, Maxim"]
[Result "1-0"]
[WhiteElo "2538"]
[BlackElo "2305"]
[PlyCount "97"]
[EventDate "2006.08.27"]
[EventType "swiss"]
[EventRounds "9"]
[EventCountry "UKR"]
[SourceTitle "EXT 2008"]
[Source "ChessBase"]
[SourceDate "2007.11.25"]
[SourceVersion "1"]
[SourceVersionDate "2007.11.25"]
[SourceQuality "1"]

1. d4 d5 2. c4 c6 3. Nf3 Nf6 4. Nc3 a6 5. c5 Nbd7 6. Bf4 Nh5 7. Bg5 h6 8. Bd2 Qc7 9. e4 dxe4 10. Nxe4 Ndf6 11. Nc3 Be6 12. Ne5 Rd8 13. Qa4 g6 14. Bd3 Nd7 15. f4 Bg7 16. Be2 0-0 17. Bf3 Nxe5 18. dxe5 Rxd2 19. Kxd2 b5 20. cxb6 Qxb6 21. Ne2 Rd8+ 22. Ke1 Qxb2 23. Rc1 Rd2 24. Rd1 Rxd1+ 25. Qxd1 Qb4+ 26. Qd2 Qb1+ 27. Qd1 Qb4+ 28. Qd2 Qb1+ 29. Nc1 Bd5 30. Rf1 e6 31. g3 Bf8 32. Kf2 Bc4 33. Ne2 Qxa2 34. Qxa2 Bxa2 35. Bxc6 g5 36. Ra1 Bc4 37. Rc1 Bxe2 38. Kxe2 gxf4 39. Bf3 Ng7 40. gxf4 a5 41. Rc4 Nf5 42. Bh5 Ng7 43. Bg4 Kh7 44. Rc7 Kg6 45. Ra7 Bb4 46. Bf3 Nf5 47. Be4 Bc3 48. Kf3 Kg7 49. Bxf5 1-0

[Event "Rodatychi op"]
[Site "Rodatychi"]
[Date "2006.08.29"]
[Round "4"]
[White "Serik, Maxim"]
[Black "Galakhov, Sergey"]
[Result "0-1"]
[WhiteElo "2305"]
[BlackElo "2149"]
[PlyCount "98"]
[EventDate "2006.08.27"]
[EventType "swiss"]
[EventRounds "9"]
[EventCountry "UKR"]
[SourceTitle "EXT 2008"]
[Source "ChessBase"]
[SourceDate "2007.11.25"]
[SourceVersion "1"]
[SourceVersionDate "2007.11.25"]
[SourceQuality "1"]

1. d4 d6 2. Nf3 Bg4 3. e4 Nf6 4. h3 Bh5 5. Nc3 c6 6. Bd3 Bxf3 7. Qxf3 e5 8. d5 Be7 9. Be3 Nbd7 10. 0-0 cxd5 11. Nxd5 Nxd5 12. exd5 g6 13. c4 Bg5 14. b4 0-0 15. Bxg5 Qxg5 16. Qe3 Qxe3 17. fxe3 e4 18. Bxe4 Rfe8 19. Bf3 Rxe3 20. Kf2 Rae8 21. a4 Rb3 22. Rfb1 Ree3 23. a5 Rec3 24. Be2 Kf8 25. Ke1 Ke7 26. Kd2 Kd8 27. Bf1 Kc7 28. Rxb3 Rxb3 29. Kc2 Re3 30. Kd2 Rb3 31. Kc2 Rg3 32. Re1 Ne5 33. c5 f6 34. Re4 h6 35. c6 bxc6 36. dxc6 d5 37. Rh4 h5 38. Ba6 Rxg2+ 39. Kb3 Nxc6 40. Rf4 f5 41. h4 Rg4 42. Rxg4 hxg4 43. Kc3 d4+ 44. Kb3 f4 45. Bd3 f3 46. Be4 d3 47. b5 Nxa5+ 48. Kc3 Nb7 49. Kd4 d2 0-1

[Event "UKR-ch U18"]
[Site "Dnipropetrovsk"]
[Date "2006.03.12"]
[Round "9"]
[White "Artemchuk, Taras"]
[Black "Serik, Maxim"]
[Result "0-1"]
[WhiteElo "2191"]
[BlackElo "2261"]
[PlyCount "80"]
[EventDate "2006.03.04"]
[EventType "tourn"]
[EventRounds "11"]
[EventCountry "UKR"]
[EventCategory "3"]
[SourceTitle "CBM 111 Extra"]
[Source "ChessBase"]
[SourceDate "2006.05.09"]
[SourceVersion "1"]
[SourceVersionDate "2006.05.09"]
[SourceQuality "1"]

1. d4 d5 2. c4 c6 3. Nc3 Nf6 4. Nf3 a6 5. c5 Nbd7 6. Bf4 Nh5 7. Bg5 h6 8. Bd2 Qc7 9. e4 dxe4 10. Nxe4 Ndf6 11. Nxf6+ Nxf6 12. Bc4 Bf5 13. Qb3 e6 14. 0-0 Be7 15. Rfe1 0-0 16. Rad1 Nd5 17. Ne5 Bf6 18. Qg3 Kh7 19. h4 Rad8 20. h5 Qe7 21. Ba5 Rc8 22. Qf3 Kg8 23. g4 Bc2 24. Rc1 Bh7 25. Bxd5 cxd5 26. Rc3 Bxe5 27. dxe5 Be4 28. Qg3 f5 29. exf6 Qxf6 30. Rb3 Rf7 31. Bc3 Qg5 32. Bd4 Qd2 33. Qe3 Qxe3 34. Rexe3 Rcf8 35. Rg3 e5 36. f3 exd4 37. fxe4 dxe4 38. Rb4 Rd7 39. Rgb3 d3 40. Rxb7 Rxb7 0-1

[Event "UKR-ch U18"]
[Site "Dnipropetrovsk"]
[Date "2006.03.11"]
[Round "8"]
[White "Serik, Maxim"]
[Black "Kononenko, Dmitry"]
[Result "1/2-1/2"]
[WhiteElo "2261"]
[BlackElo "2451"]
[PlyCount "155"]
[EventDate "2006.03.04"]
[EventType "tourn"]
[EventRounds "11"]
[EventCountry "UKR"]
[EventCategory "3"]
[SourceTitle "CBM 111 Extra"]
[Source "ChessBase"]
[SourceDate "2006.05.09"]
[SourceVersion "1"]
[SourceVersionDate "2006.05.09"]
[SourceQuality "1"]

1. d4 Nf6 2. Nf3 e6 3. c4 c5 4. d5 exd5 5. cxd5 Bd6 6. Nc3 Bc7 7. e4 d6 8. h3 0-0 9. Bd3 Re8 10. 0-0 Nbd7 11. Re1 a6 12. a4 Nf8 13. Bf4 Ng6 14. Bh2 Nh5 15. e5 dxe5 16. Bxg6 hxg6 17. Nxe5 Bxe5 18. Bxe5 Qg5 19. f4 Nxf4 20. Bxf4 Rxe1+ 21. Qxe1 Qxf4 22. Qe8+ Kh7 23. Rf1 Qd4+ 24. Kh1 f6 25. Rf3 f5 26. Rg3 Qf6 27. Ne2 g5 28. Qh5+ Qh6 29. Rxg5 Bd7 30. Nf4 Qxh5 31. Nxh5 Kh6 32. h4 g6 33. Nf4 Be8 34. Kg1 b5 35. a5 Bf7 36. Rg3 Rd8 37. Kf2 c4 38. Ke3 Re8+ 39. Kd2 Re4 40. Rf3 Bxd5 41. Kc3 Bc6 42. Rf2 Re3+ 43. Kb4 Be4 44. Rd2 Rb3+ 45. Kc5 c3 46. bxc3 Rxc3+ 47. Kb6 Rc6+ 48. Ka7 g5 49. hxg5+ Kxg5 50. Ne2 Kg4 51. Rd8 Rg6 52. Rd4 Kg5 53. g3 Kg4 54. Nf4 Rh6 55. Nd5 Kxg3 56. Nb6 Bc6 57. Kxa6 f4 58. Nc8 f3 59. Nd6 f2 60. Nf5+ Kf3 61. Rd1 Ke2 62. Ra1 Rg6 63. Nd4+ Kd3 64. Nxc6 Rg1 65. Ne5+ Ke4 66. Ng4 Rxa1 67. Nxf2+ Kd5 68. Kxb5 Rb1+ 69. Ka6 Rf1 70. Nd3 Rf3 71. Ne1 Re3 72. Nc2 Rc3 73. Kb7 Rxc2 74. a6 Rb2+ 75. Kc7 Ra2 76. Kb7 Kd6 77. a7 Rb2+ 78. Kc8 1/2-1/2

[Event "UKR-ch U18"]
[Site "Dnipropetrovsk"]
[Date "2006.03.04"]
[Round "1"]
[White "Serik, Maxim"]
[Black "Tukhaev, Adam"]
[Result "0-1"]
[WhiteElo "2261"]
[BlackElo "2458"]
[PlyCount "64"]
[EventDate "2006.03.04"]
[EventType "tourn"]
[EventRounds "11"]
[EventCountry "UKR"]
[EventCategory "3"]
[SourceTitle "CBM 111 Extra"]
[Source "ChessBase"]
[SourceDate "2006.05.09"]
[SourceVersion "1"]
[SourceVersionDate "2006.05.09"]
[SourceQuality "1"]

1. d4 f5 2. g3 Nf6 3. Bg2 g6 4. Nd2 Bg7 5. c3 Nc6 6. e4 fxe4 7. Nxe4 Nxe4 8. Bxe4 d5 9. Bg2 e5 10. dxe5 Nxe5 11. f4 Bg4 12. Qd2 Nc4 13. Qxd5 Qe7+ 14. Qe4 Qxe4+ 15. Bxe4 0-0-0 16. Bf3 Rhe8+ 17. Kf2 Bf5 18. Ne2 Rd3 19. Re1 h5 20. b3 Nd2 21. Bxd2 Rxd2 22. Kg1 Re3 23. Kf2 Rxc3 24. Rad1 Rxa2 25. Kg1 Re3 26. Kf2 Re7 27. Rd5 c6 28. Rd6 Rb2 29. h3 Bxh3 30. Rc1 Bg4 31. Bxg4+ hxg4 32. Re1 Bc3 0-1

[Event "UKR-ch U18 sf"]
[Site "Dnipropetrovsk"]
[Date "2005.12.??"]
[Round "2"]
[White "Meleshko, Maxim"]
[Black "Serik, Maxim"]
[Result "0-1"]
[WhiteElo "2036"]
[BlackElo "2235"]
[PlyCount "66"]
[EventDate "2005.12.??"]
[EventType "swiss"]
[EventRounds "9"]
[EventCountry "UKR"]
[SourceTitle "CBM 109 Extra"]
[Source "ChessBase"]
[SourceDate "2006.01.03"]
[SourceVersion "2"]
[SourceVersionDate "2006.01.03"]
[SourceQuality "1"]

1. c4 e5 2. Nc3 Bb4 3. g3 Bxc3 4. bxc3 f5 5. Bg2 Nf6 6. Rb1 c6 7. Nf3 d6 8. Ba3 0-0 9. Qb3 Re8 10. 0-0 h6 11. d3 c5 12. d4 e4 13. Ne1 b6 14. Nc2 Nc6 15. dxc5 dxc5 16. Ne3 Be6 17. Rbd1 Qc7 18. f3 Na5 19. Qa4 Qe5 20. Nd5 Nxd5 21. cxd5 Bxd5 22. f4 Qe6 23. Bxc5 Nc4 24. Ba3 Ne3 25. c4 Bc6 26. Qb4 Nxd1 27. Rxd1 Rad8 28. Rc1 e3 29. Qc3 Bxg2 30. Kxg2 Rd2 31. Re1 Qe4+ 32. Kg1 Rc2 33. Qb4 Qxc4 0-1

[Event "Evpatoria U18 4th"]
[Site "Evpatoria"]
[Date "2005.05.05"]
[Round "5.3"]
[White "Kruglyakov, Pavlo"]
[Black "Serik, Maxim"]
[Result "1/2-1/2"]
[WhiteElo "2201"]
[BlackElo "2235"]
[PlyCount "146"]
[EventDate "2005.05.03"]
[EventType "swiss"]
[EventRounds "7"]
[EventCountry "UKR"]
[SourceTitle "CBM 106 Extra"]
[Source "ChessBase"]
[SourceDate "2005.07.01"]
[SourceVersion "1"]
[SourceVersionDate "2005.07.01"]
[SourceQuality "1"]

1. e4 e5 2. Nf3 Nc6 3. Bb5 a6 4. Ba4 Nf6 5. 0-0 b5 6. Bb3 Nxe4 7. d4 d5 8. dxe5 Be6 9. c3 Bc5 10. Nbd2 0-0 11. Bc2 Nxd2 12. Bxd2 f6 13. exf6 Qxf6 14. Bg5 Qf7 15. Qd3 Bf5 16. Qxf5 Qxf5 17. Bxf5 Rxf5 18. Rae1 h6 19. Be3 Be7 20. Nd4 Nxd4 21. Bxd4 Bd6 22. Re6 Kf7 23. Rfe1 a5 24. f3 Rd8 25. Bf2 Rf6 26. R6e2 c5 27. Rd1 Bf8 28. Re5 Re6 29. Rf5+ Kg6 30. Rdxd5 Rxd5 31. Rxd5 Re2 32. Bxc5 Bxc5+ 33. Rxc5 Rxb2 34. a4 bxa4 35. Rxa5 Rc2 36. Ra6+ Kh7 37. Rxa4 Rxc3 38. h4 Rc7 39. Ra5 Rb7 40. h5 Rc7 41. Kf2 Rb7 42. Kg3 Rc7 43. Rf5 Rb7 44. Kg4 Rc7 45. Re5 Rc2 46. g3 Rc7 47. Kf5 Ra7 48. Rd5 Ra3 49. Kg4 Ra4+ 50. f4 Ra7 51. Kf5 Ra3 52. Kg4 Ra7 53. Re5 Rb7 54. Kh4 Ra7 55. Re6 Rb7 56. Rg6 Rb5 57. Re6 Rb7 58. Re4 Ra7 59. Re8 Rb7 60. Rf8 Ra7 61. g4 Rb7 62. Kg3 Ra7 63. Kh4 Rb7 64. g5 hxg5+ 65. fxg5 Rb4+ 66. Kg3 Rb3+ 67. Kg4 Rb4+ 68. Rf4 Rb1 69. Re4 Rh1 70. Re3 Rg1+ 71. Kf5 Rh1 72. h6 Rf1+ 73. Kg4 Rg1+ 1/2-1/2

[Event "Evpatoria U18 4th"]
[Site "Evpatoria"]
[Date "2005.05.04"]
[Round "4.2"]
[White "Serik, Maxim"]
[Black "Kovalenko, Igor"]
[Result "1-0"]
[WhiteElo "2235"]
[BlackElo "2270"]
[PlyCount "77"]
[EventDate "2005.05.03"]
[EventType "swiss"]
[EventRounds "7"]
[EventCountry "UKR"]
[SourceTitle "CBM 106 Extra"]
[Source "ChessBase"]
[SourceDate "2005.07.01"]
[SourceVersion "1"]
[SourceVersionDate "2005.07.01"]
[SourceQuality "1"]

1. d4 Nf6 2. c4 e6 3. Nc3 Bb4 4. e3 0-0 5. Bd3 c5 6. a3 Bxc3+ 7. bxc3 b6 8. Nf3 Nc6 9. e4 Ne8 10. 0-0 Ba6 11. Qe2 Na5 12. e5 f5 13. d5 Qe7 14. d6 Qf7 15. Ng5 Qg6 16. h4 Nb3 17. h5 Nxc1 18. hxg6 Nxe2+ 19. Bxe2 hxg6 20. f4 Nf6 21. exf6 gxf6 22. Nf3 Rae8 23. a4 e5 24. fxe5 fxe5 25. a5 Bb7 26. axb6 axb6 27. Rfb1 e4 28. Ng5 f4 29. Bg4 Bc6 30. Rxb6 Re5 31. Rxc6 Rxg5 32. Bxd7 f3 33. g4 e3 34. Rc8 f2+ 35. Kg2 Re5 36. Rxf8+ Kxf8 37. Bc6 Re6 38. Bd5 Rxd6 39. Kf3 1-0

[Event "Kiev Independence Cup-A 4th"]
[Site "Kiev"]
[Date "2004.08.15"]
[Round "5"]
[White "Serik, Maxim"]
[Black "Solovchuk, Alexey"]
[Result "1-0"]
[WhiteElo "2199"]
[BlackElo "2335"]
[PlyCount "75"]
[EventDate "2004.08.11"]
[EventType "swiss"]
[EventRounds "11"]
[EventCountry "UKR"]
[SourceTitle "EXT 2005"]
[Source "ChessBase"]
[SourceDate "2004.11.15"]
[SourceVersion "1"]
[SourceVersionDate "2004.11.15"]
[SourceQuality "1"]

1. d4 Nf6 2. c4 e6 3. Nf3 b6 4. g3 Bb7 5. Bg2 Bb4+ 6. Nc3 0-0 7. 0-0 Bxc3 8. bxc3 d6 9. a4 a5 10. Ba3 Nbd7 11. Nd2 Bxg2 12. Kxg2 Re8 13. e4 e5 14. Qc2 Qc8 15. Rae1 Qb7 16. Kg1 Nf8 17. f4 exf4 18. gxf4 c5 19. e5 dxe5 20. fxe5 Ng4 21. Ne4 Re6 22. Nd6 Qe7 23. Bc1 Rg6 24. Kh1 Ra7 25. Rxf7 Qxf7 26. Nxf7 Rxf7 27. h3 Nf2+ 28. Kh2 cxd4 29. cxd4 Ne6 30. Be3 Rf3 31. Qxf2 Rxf2+ 32. Bxf2 Nf4 33. Bg3 Nd3 34. Re2 Rc6 35. e6 Kf8 36. c5 Nb4 37. Bd6+ Ke8 38. Rf2 1-0

[Event "Kiev Independence Cup-A 4th"]
[Site "Kiev"]
[Date "2004.08.13"]
[Round "3"]
[White "Serik, Maxim"]
[Black "Moliboga, Vladimir"]
[Result "1-0"]
[WhiteElo "2199"]
[BlackElo "2329"]
[PlyCount "61"]
[EventDate "2004.08.11"]
[EventType "swiss"]
[EventRounds "11"]
[EventCountry "UKR"]
[SourceTitle "EXT 2005"]
[Source "ChessBase"]
[SourceDate "2004.11.15"]
[SourceVersion "1"]
[SourceVersionDate "2004.11.15"]
[SourceQuality "1"]

1. d4 g6 2. e4 Bg7 3. Nc3 c6 4. Be3 d6 5. Nf3 Nf6 6. h3 0-0 7. Qd2 b5 8. a3 a6 9. Bh6 Bxh6 10. Qxh6 e5 11. 0-0-0 Qe7 12. dxe5 dxe5 13. Be2 Nbd7 14. Ng5 Rb8 15. Rd3 b4 16. Nb1 Nc5 17. Rf3 Ncxe4 18. h4 Be6 19. Nd2 Nxg5 20. hxg5 Nh5 21. Rxh5 f5 22. gxf6 Qd7 23. Rg5 Rf7 24. Bd3 bxa3 25. Bxg6 axb2+ 26. Kb1 Ba2+ 27. Kxa2 b1Q+ 28. Nxb1 Qd5+ 29. Rb3 Qa5+ 30. Kb2 Rfb7 31. Bxh7+ 1-0